Gaming Quiz

Random Gaming or Minecraft Quiz
Score 0/20 Timer 05:00
0 Plays Today
Splash Text (Y)es or (N)o % Correct
Supercalifragilisticexpialidocious!???
92.3%
Bringing home the bacon!???
81.7%
Buckets of lava!???
74%
More addictive than lemonade!???
73.1%
Matt Damon!???
71.2%
Put that cookie down!???
71.2%
Peter Griffin!???
71.2%
Lives in a pineapple under the sea!???
69.2%
Got your nose!???
59.6%
Popping tags!???
58.7%
Splash Text (Y)es or (N)o % Correct
Go away Anna!???
47.1%
Ride that horse!???
44.2%
Blurred lines!???
38.5%
No calories!???
35.6%
Stronger than iron!???
35.6%
Let's dance!???
32.7%
Try the golden apples!???
26%
Pretty awesome!???
22.1%
More than just a game!???
21.2%
Diamonds!???
17.3%
Remove Ads.
Support Sporcle.
Get the best of Sporcle when you Go Orange. This ad-free experience offers more features, more stats, and more fun while also helping to support Sporcle. Thank you for becoming a member.

You're not logged in!

Compare scores with friends on all Sporcle quizzes.
OR
Log In

Show Comments

Extras

Top Quizzes Today


Score Distribution

Your Account Isn't Verified!

In order to create a playlist on Sporcle, you need to verify the email address you used during registration. Go to your Sporcle Settings to finish the process.

Report this User

Report this user for behavior that violates our Community Guidelines.

Details: